Invisible NFL Teams Quiz Stats

Quiz Updated Feb 6, 2017

Also try: Find the NFL Teams
Challenge
Share
Tweet
Embed
Score 0/32 Timer 02:00
8 Plays Today
Team % Correct
New England Patriots
92.5%
New York Giants
90.3%
New York Jets
89.9%
Dallas Cowboys
89.4%
Miami Dolphins
88.4%
Seattle Seahawks
86.8%
Green Bay Packers
86.4%
San Francisco 49ers
85%
Chicago Bears
84.9%
Cleveland Browns
84.3%
Oakland Raiders
84.2%
Pittsburgh Steelers
84.1%
Minnesota Vikings
84.1%
Houston Texans
83.9%
Philadelphia Eagles
83.8%
Los Angeles Rams
83.7%
Team % Correct
Washington Redskins
83%
Denver Broncos
82.5%
Arizona Cardinals
81.9%
Carolina Panthers
81.6%
Los Angeles Chargers
81.5%
Detroit Lions
80.9%
Buffalo Bills
80.8%
Atlanta Falcons
80.6%
Cincinnati Bengals
80.4%
Jacksonville Jaguars
80.3%
Baltimore Ravens
80.1%
Tampa Bay Buccaneers
79.8%
Indianapolis Colts
79%
New Orleans Saints
78.8%
Tennessee Titans
78.4%
Kansas City Chiefs
77.2%

You're not logged in!

Compare scores with friends on all Sporcle quizzes.
Join for Free
OR
Log In

You Might Also Like...

Show Comments

Extras

Top Quizzes Today


Score Distribution

Your Account Isn't Verified!

In order to create a playlist on Sporcle, you need to verify the email address you used during registration. Go to your Sporcle Settings to finish the process.

Report this User

Report this user for behavior that violates our Community Guidelines.

Details: